<?xml version="1.0" encoding="UTF-8"?><?xml-stylesheet type="text/xsl" href="static/style.xsl"?><OAI-PMH xmlns="http://www.openarchives.org/OAI/2.0/" xmlns:xsi="http://www.w3.org/2001/XMLSchema-instance" xsi:schemaLocation="http://www.openarchives.org/OAI/2.0/ http://www.openarchives.org/OAI/2.0/OAI-PMH.xsd"><responseDate>2026-04-13T00:02:40Z</responseDate><request verb="GetRecord" identifier="oai:www.recercat.cat:2117/345852" metadataPrefix="marc">https://recercat.cat/oai/request</request><GetRecord><record><header><identifier>oai:recercat.cat:2117/345852</identifier><datestamp>2025-07-22T22:44:21Z</datestamp><setSpec>com_2072_1033</setSpec><setSpec>col_2072_452951</setSpec></header><metadata><record xmlns="http://www.loc.gov/MARC21/slim" xmlns:dcterms="http://purl.org/dc/terms/" xmlns:xsi="http://www.w3.org/2001/XMLSchema-instance" xmlns:doc="http://www.lyncode.com/xoai" xsi:schemaLocation="http://www.loc.gov/MARC21/slim http://www.loc.gov/standards/marcxml/schema/MARC21slim.xsd">
   <leader>00925njm 22002777a 4500</leader>
   <datafield ind2=" " ind1=" " tag="042">
      <subfield code="a">dc</subfield>
   </datafield>
   <datafield ind2=" " ind1=" " tag="720">
      <subfield code="a">Andrés Torrubia, Sergio</subfield>
      <subfield code="e">author</subfield>
   </datafield>
   <datafield ind2=" " ind1=" " tag="260">
      <subfield code="c">2010</subfield>
   </datafield>
   <datafield ind2=" " ind1=" " tag="520">
      <subfield code="a">En Sevilla, C/ Condes de Torrejón 3, 5, 7 y 9 y C/ Quintana 4, 6 y 8, hay un palacio, 5 casas anexas y patios tenemos unos 1224 m² de planta; los cuales constan de planta baja más 2. Se va a hacer una actuación, en la que se va a cambiar su uso de vivienda a hotel 4*, en los cuales se van a conservar las fachadas ya que el palacio tiene protección patrimonial, por esto la edificación más actual se tirara, para rehacerla de nuevo para que este tramo de edificio las fachadas estén acorde con el resto de edificios que conforman el conjunto. Se limpiaran y pintaran de nuevo las fachas siguiendo la misma gama cromática.</subfield>
   </datafield>
   <datafield tag="653" ind2=" " ind1=" ">
      <subfield code="a">Àrees temàtiques de la UPC::Edificació::Rehabilitació d'edificis</subfield>
   </datafield>
   <datafield tag="653" ind2=" " ind1=" ">
      <subfield code="a">Buildings -- Repair and reconstruction</subfield>
   </datafield>
   <datafield tag="653" ind2=" " ind1=" ">
      <subfield code="a">Palaces</subfield>
   </datafield>
   <datafield tag="653" ind2=" " ind1=" ">
      <subfield code="a">Architecture, Baroque</subfield>
   </datafield>
   <datafield tag="653" ind2=" " ind1=" ">
      <subfield code="a">Edificis -- Remodelació -- Andalusia -- Sevilla</subfield>
   </datafield>
   <datafield tag="653" ind2=" " ind1=" ">
      <subfield code="a">Palaus -- Andalusia -- Sevilla</subfield>
   </datafield>
   <datafield tag="653" ind2=" " ind1=" ">
      <subfield code="a">Arquitectura barroca -- Andalusia -- Sevilla</subfield>
   </datafield>
   <datafield ind2="0" ind1="0" tag="245">
      <subfield code="a">Proyecto de rehabilitación y cambio de uso de un palacio y cinco casas adjacentes a hotel 4 estrellas situado en Sevilla: c/Condes de Torrejón con c/Quintana</subfield>
   </datafield>
</record></metadata></record></GetRecord></OAI-PMH>